| 000 | 03375nam a22002777a 4500 | ||
|---|---|---|---|
| 001 | 9054 | ||
| 003 | FISKH | ||
| 005 | 20251118103943.0 | ||
| 008 | 251118b cb ||||| |||| 00| 0 eng d | ||
| 020 | _a9789996389696 | ||
| 040 |
_aFISKH _bkhr _cFISKH _dFISKH |
||
| 082 | _a398.2 | ||
| 100 | _aAnonymous | ||
| 245 |
_aអ្នកផ្លុំបុីពិសេសនៃហាមិលីន / _cBy Anonymous |
||
| 260 |
_aភ្នំពេញ : _bក្រុមហ៊ុន អផ្សុក, |
||
| 300 |
_a16 pages : _bcolor illustrations ; _c21 cm . |
||
| 505 | _aH | ||
| 520 | _aទីក្រុង ហាមិលីន គឺជាទីក្រុងមួយដែលរុំពទ្ធ័ទៅដោយភ្នំនិងព្រៃស្តុក ។ ថ្ងៃមួយស្រាប់តែមានកណ្តុររាប់ពាន់ក្បាលចូលមករាតត្បាតនៅក្នុងទីក្រុងនេះ ។ ថ្ងៃមួយក៏មានអ្នកផ្លុំបុិដើរកាត់ទីក្រុងនេះ លោកអភិបាលក្រុងក៏ចាត់អោយអ្នកផ្លុំបុិ បណ្តេញកណ្តុរចេញពីក្រុងដោយសន្យាថានឹងអោយប្រាក់មួយចំនួនទៅលោក ។ លុះចប់ការងារលោកអភិបាលក្រុងមិនបានគោរពសន្យាទេ ។ អ្នកផ្លុំបុិខឹងយ៉ាងខ្លាំង ។ អ្នកផ្លុំបុីបានមកម្តងទៀត តែសម្លេងបុីម្តងនេះប្លែកព្រោះមានតែក្មេងៗទេដែលលឺសម្លេងនេះ ក្មេងៗបានដើរទៅតាមអ្នកផ្លុំបុីចូលទៅក្នុងរូងភ្នំមួយ ហើយមិនត្រលប់មកវិញ ។ អ្នកភូមិបានការខឹងសប្បារនឹងលោកអភិបាលក្រុងជាខ្លាំង ។ ហើយលោកក៏ត្រូវរ់សក្នុងវិប្បដិសារីអស់មួយជីវិត ។ | ||
| 520 | _aThe city of Hamelin is a town surrounded by mountains and dense forests. One day, thousands of rats suddenly entered the city and caused destruction. One day, a piper passed through the city. The mayor assigned the piper to drive the rats out of the city, promising to pay him a certain amount of money. After the work was done, the mayor did not honor his promise. The piper became very angry. The piper came again, but this time the sound of his pipe was different, because only the children could hear it. The children followed the piper into a mountain cave and never returned. The townspeople became extremely angry at the mayor, and he had to live the rest of his life in misery. | ||
| 521 | 8 |
_a480
_bLexile estimate |
|
| 521 | 8 |
_aH
_bRaz-Plus |
|
| 650 |
_aអ្នកផ្លុំបុីពិសេសនៃហាមិលីន _vរឿងនិទានកុមារ |
||
| 650 |
_aThe pied piper of Hamelin _vChildren's Stories |
||
| 942 |
_2ddc _cKHB _n0 |
||
| 999 |
_c9054 _d9054 |
||